000 02653cam a2200577 a 4500
001 sjds483396
003 sjds
005 20240227202255.0
008 120405t20122012txua c 000 1 eng c
010 _a 2012008730
020 _a9781558857438 (pbk.)
020 _a1558857435 (pbk.)
035 _a(OCoLC)759908885
040 _aNJQ/DLC
_beng
_cZQP
_dDLC
_dBTCTA
_dBDX
_dYDXCP
_dIFA
_dUtOrBLW
041 1 _aeng
_aspa
_heng
043 _anwpr---
049 _aIFAA
099 _a398 ORTIZ COFER
_f2012
100 1 _aCofer, Judith Ortiz,
_d1952-
_eauthor.
245 1 0 _aLa fiesta de los animales :
_bleyendas latinas = Animal jamboree : Latino folktales /
_cby = por Judith Ortiz Cofer ; Spanish translation = traduccion al espanol de Natalia Rosales-Yeomans.
246 3 0 _aLatino folktales
246 3 0 _aAnimal jamboree
246 3 1 _aFiesta de los animales :
_bleyendas latinas
246 3 _aLeyendas latinas
246 3 1 _aLa fiesta de los animales
260 _aHouston, TX :
_bPinata Books,
_c[2012]
264 1 _aHouston, TX :
_bPinata Books,
_c[2012]
264 4 _c�2012
300 _a68 pages :
_billustrations ;
_c22 cm
336 _atext
_btxt
_2rdacontent
337 _aunmediated
_bn
_2rdamedia
338 _avolume
_bnc
_2rdacarrier
505 0 _aThe animals' grand fiesta = La gran fiesta de los animales -- The brave little ant and el señor Chivo = La valiente hormiguita y el señor Chivo -- A funeral for Nangato = Un funeral para Nangato -- The parrot who loved chorizos : a Puerto Rican tale = El loro que amaba el chorizo : un cuento puertorriqueño.
520 _aA collection of four Puerto Rican folktales featuring a lions, mice and a brave little ant, as well as other animals.
521 8 _a950
_bLexile
526 0 _aAccelerated Reader
_bLG
_c5.2
_d1.0
_z156454
650 0 _aAnimals
_vJuvenile literature.
650 0 _aChildren's stories
_vTranslations into Spanish.
650 0 _aTales
_zPuerto Rico
_vJuvenile literature.
650 0 _aShort stories
_vJuvenile literature.
650 0 _aSpanish language materials
_xBilingual
_vJuvenile literature.
650 7 _aAnimales
_vLiteratura juvenil.
_2bidex
650 7 _aCuentos infantiles
_vTraducciones al español.
_2bidex
650 7 _aCuentos populares
_zPuerto Rico
_vLiteratura juvenil.
_2bidex
650 7 _aCuentos
_vLiteratura juvenil.
_2bidex
650 7 _aMateriales bilingües en español
_vLiteratura juvenil.
_2bidex
700 1 2 _aCofer, Judith Ortiz,
_d1952-
_tShort stories.
_kSelections.
_lSpanish.
700 1 2 _aCofer, Judith Ortiz,
_d1952-
_tShort stories.
_kSelections.
_lEnglish.
700 1 _aRosales-Yeomans, Natalia.
942 _cBK
_2ddc
999 _c29226
_d29224